Teenage rebellion. (Record no. 14752)

000 -LEADER
fixed length control field 00742nam a2200241 a 4500
001 - CONTROL NUMBER
control field :::00012586$&:&@@
003 - CONTROL NUMBER IDENTIFIER
control field OkBaRHE
005 - DATE AND TIME OF LATEST TRANSACTION
control field 20000607103420.0
008 - FIXED-LENGTH DATA ELEMENTS--GENERAL INFORMATION
fixed length control field s1979 j 000 0 eng u
040 ## - CATALOGING SOURCE
Transcribing agency
100 1# - MAIN ENTRY--PERSONAL NAME
Personal name Dollar, Truman.
245 10 - TITLE STATEMENT
Title Teenage rebellion.
260 ## - PUBLICATION, DISTRIBUTION, ETC. (IMPRINT)
Place of publication, distribution, etc Old Tappan, NJ., :
Name of publisher, distributor, etc Fleming H. Revell
Date of publication, distribution, etc 1979
300 ## - PHYSICAL DESCRIPTION
Extent 206 p. ;
Dimensions 22 cm.
650 ## - SUBJECT ADDED ENTRY--TOPICAL TERM
Topical term or geographic name as entry element Adolescent Psychology
650 ## - SUBJECT ADDED ENTRY--TOPICAL TERM
Topical term or geographic name as entry element Conflict of Generations
650 ## - SUBJECT ADDED ENTRY--TOPICAL TERM
Topical term or geographic name as entry element Parent and Child
650 ## - SUBJECT ADDED ENTRY--TOPICAL TERM
Topical term or geographic name as entry element Problem Children
650 ## - SUBJECT ADDED ENTRY--TOPICAL TERM
Topical term or geographic name as entry element United States
General subdivision Social Conditions
-- 1945-
700 ## - ADDED ENTRY--PERSONAL NAME
Personal name Ketterman, Grace H., Joint author.
942 ## - ADDED ENTRY ELEMENTS (KOHA)
Source of classification or shelving scheme
Koha item type Books
Copies
Damaged status Permanent Location Not for loan Full call number Barcode Price effective from Copy number Date last seen Shelving location Withdrawn status Date acquired Lost status Koha item type Source of classification or shelving scheme
 RHEMA Bible Training College HQ 773 .D6125862010-04-1412010-04-14General Stacks 2010-04-14 Books